000 00461nam a22001817a 4500
003 koha_MIRAKIL
005 20231213100016.0
008 231213b |||||||| |||| 00| 0 ||| d
020 _b978-6-05-080846-9
040 _aTR-IsEVY
_btur
_cTR-IsEVY
082 _a911 AKI/İ
100 _aAkın, Mazlum.
245 0 _aİzmir
_bÇılgın Gezgin'in el kitabı
250 _a2. bs.
260 _bTimaş Yayınları,
_c2014
300 _a155 s.
942 _2ddc
_cBK
999 _c13033
_d13033